00397nam a2200145Ia 4500003000400000008004100004040001600045082001300061100001900074245007700093260003400170300001000204650001500214650002200229GCL140319s9999 xx 000 0 eng d aGCL / cGCL04a843bD N1 aDIDEROT, DENIS10aLE NEVEU DE RAMEAU: ET AUTRES DIALOGUES PHLOSOPHIQUES / cDIDEROT, DENIS a[S.N] : bGALLIMARD ، c1972 a438 P04aLITERATURE04aFRENCH LITERATURE